书目信息 |
| 题名: |
收音机收录机及音响集成电路应用速查手册
|
|
| 作者: | 杨仲明 , 赵卫宾 著 | |
| 分册: | ||
| 出版信息: | 北京 中国广播电视出版社 1991.08 |
|
| 页数: | 660页 | |
| 开本: | 26cm | |
| 丛书名: | ||
| 单 册: | ||
| 中图分类: | TN43-62 | |
| 科图分类: | ||
| 主题词: | 半导体集成电路 | |
| 电子资源: | ||
| ISBN: | 7-5043-0926-5 | |
| 000 | 00673nam0 2200205 45 | |
| 001 | 0409091132 | |
| 005 | 20040909113145.0 | |
| 010 | @a7-5043-0926-5@dCNY28.00 | |
| 100 | @a20040909d1991 km y0chiy0120 ea | |
| 101 | 0 | @achi |
| 105 | @a z 000yy | |
| 200 | 1 | @a收音机收录机及音响集成电路应用速查手册@AShou Yin Ji Shou Lu Ji Ji Yin Xiang Ji Cheng Dian Lu Ying Yong Su Cha Shou Ce@f杨仲明,赵卫宾著@FYang Zhong Ming,Zhao Wei Bin Zhu |
| 210 | @a北京@c中国广播电视出版社@d1991.08 | |
| 215 | @a660页@d26cm | |
| 606 | 0 | @a半导体集成电路 |
| 690 | @aTN43-62@v3 | |
| 701 | 0 | @a杨仲明@4著 |
| 701 | 0 | @a赵卫宾@4著 |
| 801 | @aCN@bPftUser@c20040909 | |
| 905 | @f1@b248758@dTN43-62@e70 | |
| 收音机收录机及音响集成电路应用速查手册/杨仲明,赵卫宾著.-北京:中国广播电视出版社,1991.08 |
| 660页;26cm |
| ISBN 7-5043-0926-5:CNY28.00 |
| ● |
| 相关链接 |
|
|
|
|
正题名:收音机收录机及音响集成电路应用速查手册
索取号:TN43-62/70
 
预约/预借
| 序号 | 登录号 | 条形码 | 馆藏地/架位号 | 状态 | 备注 |
| 1 | 0248758 | 001950678 | 第三借阅区/ [索取号:TN43-62/70] | 在馆 | |
| 2 | 0248759 | 202106489 | 第二样本阅览室/ [索取号:TN43-62/70] | 在馆 |